| 000 | 01074cam a2200325Mi 4500 | ||
|---|---|---|---|
| 001 | 90692 | ||
| 005 | 20230411090049.0 | ||
| 008 | 091102s2009 fr 000 0 fre d | ||
| 035 | _a(OCoLC)ocn463284327 | ||
| 040 |
_aTZT _cTZT |
||
| 020 | _a9782110074683 | ||
| 020 | _a211007468X | ||
| 029 | 0 |
_aTZT _bJTL00259812 |
|
| 035 | _a(OCoLC)463284327 | ||
| 072 | 7 | _aJN2304 | |
| 082 | 1 | 4 | _a354.44/00025 |
| 049 | _aGRAL | ||
| 245 | 0 | 0 |
_aRépertoire de l'administration francaise. _p2010 : _b[inclus fichiers de publipostage] / _c[responsable de la publication Francoise Mathieu]. |
| 250 | _a67e édition. | ||
| 260 |
_aParis : _bDocumentation franðcaise, _c2009. |
||
| 300 | _aix, 889 p. | ||
| 653 |
_aFrench public administration _aDirectory |
||
| 651 | 0 |
_aFrance _xAdministrative and political divisions _vDirectories. |
|
| 651 | 0 |
_aFrance _xOfficials and employees _vDirectories. |
|
| 651 | 4 |
_aFrancia _xAdministración pública. |
|
| 938 |
_aJean Touzot Libraire Editeur _bTOUZ _nJTL00259812 _c38 EUR |
||
| 942 |
_2lcc _cbk |
||
| 994 |
_aC0 _bDRFGD |
||
| 946 | _ardc | ||
| 999 |
_c111830 _d111830 |
||